Daň z príjmov PO - príklady problematických okruhov

Vysvetlenie niektorých zložitejších okruhov otázok k dani z príjmov právnickej osoby a pomoc pri ich správnom posúdení vo vzťahu k zisteniu základu dane za príslušné zdaňovacie obdobie. Zdanenie príjmu z prerozdelenia kapitálového fondu z príspevkov. Zdanenie príjmu z prerozdelenia emisného ážia. Za...

Descrizione completa

Salvato in:
Dettagli Bibliografici
Autore principale: Vanková, Lucia
Natura: Capitolo di libro
Lingua:slovacco
Soggetti:
Tags: Aggiungi Tag
Nessun Tag, puoi essere il primo ad aggiungerne!!

MARC

LEADER 00000naa a2200000 4500
001 0283289
005 20240417075202.5
041 0 |a slo 
044 |a SK 
245 1 0 |a Daň z príjmov PO - príklady problematických okruhov  |c Lucia Vanková 
520 |a Vysvetlenie niektorých zložitejších okruhov otázok k dani z príjmov právnickej osoby a pomoc pri ich správnom posúdení vo vzťahu k zisteniu základu dane za príslušné zdaňovacie obdobie. Zdanenie príjmu z prerozdelenia kapitálového fondu z príspevkov. Zdanenie príjmu z prerozdelenia emisného ážia. Zahrňovanie goodwillu alebo záporného goodwillu do základu dane. 
610 2 0 |a dane z príjmov 
610 2 0 |a osoby právnické 
610 2 0 |a základ dane 
610 2 0 |a obdobie zdaňovacie 
610 2 0 |a goodwill 
100 1 |a Vanková, Lucia